| 000 | 01651nam a2200457Ii 4500 | ||
|---|---|---|---|
| 001 | DIGANAGRA0084 | ||
| 003 | NyNyDIG | ||
| 006 | m o d | ||
| 007 | cr ||||||||||| | ||
| 008 | 150401t20122012sp o 000 f spa d | ||
| 035 | _a(OCoLC)991896625 | ||
| 040 |
_aDGITA _beng _erda _epn _cDGITA |
||
| 020 |
_a9788433933423 _q(eBook ; _qePub) |
||
| 020 | _z9788433972385 | ||
| 020 | _z8433972383 | ||
| 050 | 1 | 4 | _aPQ6669.A67972 eBook |
| 100 | 1 |
_aSanz, Marta, _d1967- _eauthor. |
|
| 245 | 1 | 3 |
_aUn buen detective no se casa jamás / _cMarta Sanz. |
| 250 | _aEdición en formato digital. | ||
| 264 | 1 |
_aBarcelona : _bEditorial Anagrama, _cenero de 2012. |
|
| 264 | 4 | _c©2012 | |
| 300 | _a1 online resource | ||
| 336 |
_atext _btxt _2rdacontent |
||
| 337 |
_acomputer _bc _2rdamedia |
||
| 338 |
_aonline resource _bcr _2rdacarrier |
||
| 490 | 1 |
_aNarrativas hispánicas ; _v495 |
|
| 500 | _aA novel. | ||
| 588 | 0 | _aOnline resource; title from ePub title page (Digitalia, viewed April 20, 2015) | |
| 650 | 0 |
_aSpanish fiction _y21st century. |
|
| 650 | 0 | _aDetective and mystery stories. | |
| 650 | 0 |
_aGay men _vFiction. |
|
| 650 | 0 |
_aTwins _vFiction. |
|
| 655 | 0 | _aElectronic books. | |
| 791 | 2 |
_aDigitalia (Firm), _edistributor. |
|
| 793 | 0 |
_gDigitalia Hispánica eBook Collection: _aAnagrama |
|
| 776 | 0 | 8 |
_iPrint version: _aSanz, Marta. _tBuen detective no se casa jamás. _dBarcelona : Editorial Anagrama, 2012 _z9788433972385 _w(OCoLC)782924550 |
| 830 | 0 |
_aNarrativas hispánicas ; _v495. |
|
| 856 | 4 | 0 |
_3Digitalia Hispánica _uhttps://www.digitaliapublishing.com/a/33120/ |
| 910 | _aPremium Collection: 2016 | ||
| 942 | _cRAA | ||
| 999 |
_c241762 _d241762 |
||